[Event "Volodarskij Spring-A"]
[Site "Volodarskij"]
[Date "2007.07.01"]
[Round "6"]
[White "Malinichev, Konstantin"]
[Black "Arakeljan, Alexandr"]
[Result "0-1"]
[WhiteElo "2290"]
[BlackElo "2338"]
[PlyCount "82"]
[EventDate "2007.06.27"]
[EventType "tourn"]
[EventRounds "15"]
[EventCountry "RUS"]
[EventCategory "3"]
[SourceTitle "CBM 119 Extra"]
[Source "ChessBase"]
[SourceDate "2007.09.04"]
[SourceVersion "1"]
[SourceVersionDate "2007.09.04"]
[SourceQuality "1"]

1. d4 d5 2. Nf3 Nf6 3. Bg5 e6 4. e3 Be7 5. Bd3 h6 6. Bh4 0-0 7. Nbd2 Nbd7 8. 0-0 b6 9. a4 c5 10. c3 Bb7 11. Qb1 Qc7 12. h3 e5 13. dxe5 Nxe5 14. Nxe5 Qxe5 15. Bg3 Qe6 16. Rd1 Rfd8 17. a5 Bd6 18. Nf1 Bxg3 19. Nxg3 Qe5 20. Qa2 Bc6 21. Be2 b5 22. Bf3 Ne4 23. Nxe4 dxe4 24. Be2 Rd3 25. Rxd3 exd3 26. Bxd3 Rd8 27. Qb1 c4 28. Bf1 Rd2 29. Qc1 Qd6 30. a6 Be4 31. Qe1 Rxb2 32. Rd1 Qe6 33. f3 Bc2 34. Rd8+ Kh7 35. Qc1 Ra2 36. e4 b4 37. Qf4 Qb6+ 38. Rd4 Ra1 39. Kf2 Rxf1+ 40. Kxf1 b3 41. Rd1 Qc5 0-1

[Event "Wch Seniors 12th"]
[Site "Naumburg"]
[Date "2002.10.30"]
[Round "8"]
[White "Malinichev, Konstantin"]
[Black "Zunker, Reinhard"]
[Result "1/2-1/2"]
[WhiteElo "1000"]
[BlackElo "2203"]
[PlyCount "84"]
[EventDate "2002.10.21"]
[EventType "swiss"]
[EventRounds "11"]
[EventCountry "GER"]
[SourceTitle "EXT 2006"]
[Source "ChessBase"]
[SourceDate "2005.11.24"]
[SourceVersion "1"]
[SourceVersionDate "2005.11.24"]
[SourceQuality "1"]

1. e4 g6 2. d4 Bg7 3. Nc3 c6 4. Nf3 d6 5. Be3 b5 6. Bd3 Nf6 7. 0-0 0-0 8. h3 Re8 9. e5 dxe5 10. Nxe5 Nd5 11. Qf3 Be6 12. Nxd5 Bxd5 13. Qg3 Nd7 14. Rfe1 Nxe5 15. dxe5 Qa5 16. a3 Rad8 17. Bc5 Qc7 18. a4 a6 19. Qe3 Ra8 20. h4 Qc8 21. Qg3 Be6 22. Qf4 Qb7 23. b4 Red8 24. Qf3 Bd5 25. Qe3 Qd7 26. f3 Qe6 27. a5 Bc4 28. Rad1 Bxd3 29. Rxd3 Rxd3 30. Qxd3 f6 31. Qe4 fxe5 32. Rd1 Kf7 33. g4 Ke8 34. Qd3 e4 35. Qxe4 Qxe4 36. fxe4 Rd8 37. Rxd8+ Kxd8 38. Kf2 e5 39. g5 Ke8 40. Kf3 Bf8 41. Kg4 Be7 42. h5 Kf7 1/2-1/2

[Event "Wch Seniors 12th"]
[Site "Naumburg"]
[Date "2002.10.28"]
[Round "6"]
[White "Hilburt, Leonid"]
[Black "Malinichev, Konstantin"]
[Result "0-1"]
[WhiteElo "2106"]
[BlackElo "1000"]
[PlyCount "35"]
[EventDate "2002.10.21"]
[EventType "swiss"]
[EventRounds "11"]
[EventCountry "GER"]
[SourceTitle "EXT 2006"]
[Source "ChessBase"]
[SourceDate "2005.11.24"]
[SourceVersion "1"]
[SourceVersionDate "2005.11.24"]
[SourceQuality "1"]

1. e4 e5 2. Nf3 Nc6 3. Bb5 a6 4. Ba4 Nf6 5. 0-0 Be7 6. Re1 b5 7. Bb3 0-0 8. a4 Bb7 9. c3 d5 10. exd5 Nxd5 11. axb5 axb5 12. Rxa8 Bxa8 13. Nxe5 Nxe5 14. Rxe5 Nf4 15. d4 Nxg2 16. Qe2 Bd6 17. Rf5 Nh4 18. Rg5 0-1